Synonyms of Artists (Musical) - Statistics

General Stats
  • This quiz has been taken 93 times
  • The average score is 9 of 20
Answer Stats
Clue Answer % Correct
The Cops The Police
94%
Monarch Queen
88%
Emerald 24 hours Green Day
80%
Speaking Skulls Talking Heads
73%
Locomotive Train
72%
My Substance Love My Chemical Romance
66%
The Seaside Men The Beach Boys
66%
The Remedy The Cure
64%
Stress at the Party Panic at the Disco
60%
The Insects The Beatles
54%
The Jelly The Jam
45%
Small Stir Little Mix
29%
Looking for Women Scouting for Girls
22%
Heaven Nirvana
19%
Blank Pale Coffees Plain White T's
18%
Insane Road Priests Manic Street Preachers
16%
Condom money Johnny Cash
14%
Δ alt-j
7%
Ponder Muse
7%
Juicy Bits Pulp
6%
No matching quizzes found
Score Distribution
Percent of People with Each Score
Percentile by Number Answered
Your Score History
You have not taken this quiz